Ihak nonjip. (Record no. 1775)
[ view plain ]
| 000 -LEADER | |
|---|---|
| fixed length control field | 01332cas a2200421 a 4500 |
| 001 - CONTROL NUMBER | |
| control field | data |
| 005 - DATE AND TIME OF LATEST TRANSACTION | |
| control field | 20260322212117.0 |
| 008 - FIXED-LENGTH DATA ELEMENTS--GENERAL INFORMATION | |
| fixed length control field | data |
| 035 ## - SYSTEM CONTROL NUMBER | |
| System control number | 11376917 |
| 010 ## - LIBRARY OF CONGRESS CONTROL NUMBER | |
| LC control number | 90657704 |
| 030 ## - CODEN DESIGNATION | |
| CODEN | IHNOEC |
| 035 ## - SYSTEM CONTROL NUMBER | |
| System control number | (OCoLC)22271218 |
| 040 ## - CATALOGING SOURCE | |
| Original cataloging agency | DLC |
| Language of cataloging | eng |
| Transcribing agency | DLC |
| Modifying agency | OCLCQ |
| -- | OCLCQ |
| -- | OCLCO |
| -- | OCLCF |
| -- | OCLCQ |
| 041 0# - LANGUAGE CODE | |
| Language code of text/sound track or separate title | eng |
| -- | eng |
| Language code of summary or abstract | eng |
| 042 ## - AUTHENTICATION CODE | |
| Authentication code | pcc |
| 050 00 - LIBRARY OF CONGRESS CALL NUMBER | |
| Classification number | Q4 |
| Item number | .I435 |
| 130 0# - MAIN ENTRY--UNIFORM TITLE | |
| Uniform title | Ihak nonjip (Koryŏ Taehakkyo. Ikwa Taehak) |
| 245 10 - TITLE STATEMENT | |
| Title | Ihak nonjip. |
| 246 13 - VARYING FORM OF TITLE | |
| Title proper/short title | Journal of natural sciences |
| 260 ## - PUBLICATION, DISTRIBUTION, ETC. | |
| Place of publication, distribution, etc. | Sŏul : |
| Name of publisher, distributor, etc. | Koryŏ Taehakkyo Ikwa Taehak |
| 300 ## - PHYSICAL DESCRIPTION | |
| Extent | volumes : |
| Other physical details | illustrations ; |
| Dimensions | 26 cm |
| 336 ## - CONTENT TYPE | |
| Content type term | text |
| Content type code | txt |
| Source | rdacontent |
| 337 ## - MEDIA TYPE | |
| Media type term | unmediated |
| Media type code | n |
| Source | rdamedia |
| 338 ## - CARRIER TYPE | |
| Carrier type term | volume |
| Carrier type code | nc |
| Source | rdacarrier |
| 510 2# - CITATION/REFERENCES NOTE | |
| Name of source | Chemical abstracts |
| International Standard Serial Number | 0009-2258 |
| 546 ## - LANGUAGE NOTE | |
| Language note | Korean and English, with summaries in English. |
| 588 ## - SOURCE OF DESCRIPTION NOTE | |
| Source of description note | Description based on: Che 27-chip, published in 1986. |
| 590 ## - LOCAL NOTE (RLIN) | |
| Local note | SERBIB/SERLOC merged record |
| 650 #0 - SUBJECT ADDED ENTRY--TOPICAL TERM | |
| Topical term or geographic name entry element | Science. |
| 650 #7 - SUBJECT ADDED ENTRY--TOPICAL TERM | |
| Topical term or geographic name entry element | Science. |
| Source of heading or term | fast |
| Authority record control number or standard number | (OCoLC)fst01108176 |
| 710 2# - ADDED ENTRY--CORPORATE NAME | |
| Corporate name or jurisdiction name as entry element | Koryŏ Taehakkyo. |
| Subordinate unit | Ikwa Taehak. |
| 890 ## - | |
| -- | Ihak nonjip (Koryŏ Taehakkyo. Ikwa Taehak) |
| -- | 90-657704/AK |
| 906 ## - LOCAL DATA ELEMENT F, LDF (RLIN) | |
| a | 7 |
| b | cbc |
| c | serials |
| d | 4 |
| e | ncip |
| f | 19 |
| g | n-oclcserc |
| 920 ## - | |
| -- | Checked in Asian |
| 991 ## - | |
| -- | c-Asian |
| -- | Q4 |
| -- | .I435 |
| -- | Korea |
| -- | SERIALS |
| 992 ## - | |
| -- | Asian |
| -- | SERLOC |
| Withdrawn status | Lost status | Damaged status | Not for loan | Home library | Current library | Shelving location | Date acquired | Total checkouts | Full call number | Barcode | Date last seen | Price effective from | Koha item type |
|---|---|---|---|---|---|---|---|---|---|---|---|---|---|
| Franklin | Franklin | General stacks | 22/03/2026 | Q4 | LOC-FRL-00011 | 22/03/2026 | 22/03/2026 | Books |